Statistics for Name the Colors on These Vertical Tricolor Flags

Click here to take the quiz!

General Stats

  • This quiz has been taken 259 times
  • The average score is 29 of 33

Answer Stats

Country Color % Correct
Franceooo
ooo
ooo
100%
Franceooo
ooo
ooo
99%
Italyooo
ooo
ooo
99%
Italyooo
ooo
ooo
99%
Franceooo
ooo
ooo
99%
Irelandooo
ooo
ooo
98%
Italyooo
ooo
ooo
98%
Irelandooo
ooo
ooo
97%
Irelandooo
ooo
ooo
96%
Nigeriaooo
ooo
ooo
93%
Nigeriaooo
ooo
ooo
93%
Nigeriaooo
ooo
ooo
90%
Belgiumooo
ooo
ooo
88%
Belgiumooo
ooo
ooo
88%
Belgiumooo
ooo
ooo
87%
Peruooo
ooo
ooo
87%
Peruooo
ooo
ooo
86%
Peruooo
ooo
ooo
85%
Romaniaooo
ooo
ooo
85%
Romaniaooo
ooo
ooo
84%
Romaniaooo
ooo
ooo
84%
Côte d'Ivoireooo
ooo
ooo
82%
Côte d'Ivoireooo
ooo
ooo
81%
Côte d'Ivoireooo
ooo
ooo
81%
Maliooo
ooo
ooo
80%
Chadooo
ooo
ooo
80%
Maliooo
ooo
ooo
80%
Chadooo
ooo
ooo
79%
Maliooo
ooo
ooo
79%
Chadooo
ooo
ooo
79%
Guineaooo
ooo
ooo
76%
Guineaooo
ooo
ooo
75%
Guineaooo
ooo
ooo
74%

Score Distribution

Percentile by Number Answered

Percent of People with Each Score

Your Score History

You have not taken this quiz